[Event "Verbandsliga Nordbaden 1920"]
[Site "Baden"]
[Date "2019.09.29"]
[Round "1.6"]
[White "Haas, Stefan"]
[Black "Kiefhaber, Holger"]
[Result "1/2-1/2"]
[WhiteElo "2192"]
[BlackElo "2193"]
[PlyCount "30"]
[EventDate "2019.09.29"]
[EventType "team-tourn"]
[EventRounds "9"]
[EventCountry "GER"]
[SourceTitle "EXT 2021"]
[Source "ChessBase"]
[SourceDate "2020.10.23"]
[SourceVersion "1"]
[SourceVersionDate "2020.10.23"]
[SourceQuality "1"]
[WhiteTeam "Karlsruhe"]
[BlackTeam "Karlsruhe II"]
[WhiteTeamCountry "GER"]
[BlackTeamCountry "GER"]

1. e4 c5 2. Nf3 g6 3. d4 cxd4 4. Nxd4 Nc6 5. c4 Nf6 6. Nc3 Nxd4 7. Qxd4 d6 8. Be2 Bg7 9. Be3 0-0 10. Qd2 Qa5 11. f3 Be6 12. Rc1 Rfc8 13. b3 a6 14. Na4 Qxd2+ 15. Kxd2 Nd7 1/2-1/2

[Event "Verbandsliga Nordbaden 1617"]
[Site "Baden"]
[Date "2016.11.20"]
[Round "3.6"]
[White "Haas, Stefan"]
[Black "Leibbrand, Udo Manfred"]
[Result "1/2-1/2"]
[WhiteElo "2192"]
[BlackElo "2131"]
[PlyCount "50"]
[EventDate "2016.10.09"]
[EventType "team-tourn"]
[EventRounds "9"]
[EventCountry "GER"]
[SourceTitle "EXT 2022"]
[Source "ChessBase"]
[SourceDate "2021.10.06"]
[SourceVersion "1"]
[SourceVersionDate "2021.10.06"]
[SourceQuality "1"]
[WhiteTeam "Karlsruhe"]
[BlackTeam "Pforzheim"]
[WhiteTeamCountry "GER"]
[BlackTeamCountry "GER"]

1. d4 Nf6 2. c4 e6 3. Nf3 b6 4. g3 Ba6 5. Qa4 Be7 6. Bg2 Bb7 7. Nc3 Ne4 8. Qc2 Nxc3 9. Qxc3 0-0 10. 0-0 f5 11. b3 Bf6 12. Bb2 d6 13. Rad1 Qe7 14. Qc2 Be4 15. Qc1 Nd7 16. Ne1 Bxg2 17. Nxg2 Bg5 18. f4 Bh6 19. Qc2 Nf6 20. e3 Ne4 21. Ne1 g6 22. Nf3 c6 23. Nd2 Nxd2 24. Qxd2 d5 25. Rc1 Qd7 1/2-1/2

[Event "Oberliga Baden 1516"]
[Site "Baden"]
[Date "2015.11.15"]
[Round "3.7"]
[White "Gschnitzer, Adrian"]
[Black "Haas, Stefan"]
[Result "1/2-1/2"]
[WhiteElo "2116"]
[BlackElo "2221"]
[PlyCount "51"]
[EventDate "2015.09.20"]
[EventType "team-tourn"]
[EventRounds "9"]
[EventCountry "GER"]
[SourceTitle "EXT 2018"]
[Source "ChessBase"]
[SourceDate "2017.10.13"]
[SourceVersion "1"]
[SourceVersionDate "2017.10.13"]
[SourceQuality "1"]
[WhiteTeam "Walldorf"]
[BlackTeam "Karlsruhe SF"]
[WhiteTeamCountry "GER"]
[BlackTeamCountry "GER"]

1. e4 e5 2. Nf3 Nc6 3. Bc4 Bc5 4. c3 Nf6 5. d3 a6 6. Nbd2 0-0 7. Bb3 d6 8. 0-0 Ba7 9. Re1 Be6 10. Nf1 Qd7 11. h3 h6 12. Bc2 Rfe8 13. d4 exd4 14. cxd4 d5 15. e5 Ne4 16. Bxe4 dxe4 17. Rxe4 Bf5 18. Rh4 Rad8 19. Be3 Nxe5 20. Nxe5 Rxe5 21. dxe5 Qxd1 22. Rxd1 Rxd1 23. Bxa7 Bd3 24. Rd4 Rxf1+ 25. Kh2 Bf5 26. Rc4 1/2-1/2

[Event "Oberliga Baden 1415"]
[Site "Baden"]
[Date "2015.04.12"]
[Round "9.8"]
[White "Haas, Stefan"]
[Black "Gschnitzer, Adrian"]
[Result "1/2-1/2"]
[WhiteElo "2225"]
[BlackElo "2157"]
[PlyCount "23"]
[EventDate "2014.09.21"]
[EventType "team-tourn"]
[EventRounds "9"]
[EventCountry "GER"]
[SourceTitle "EXT 2016"]
[Source "ChessBase"]
[SourceDate "2015.10.08"]
[SourceVersion "1"]
[SourceVersionDate "2015.10.08"]
[SourceQuality "1"]
[WhiteTeam "Karlsruhe"]
[BlackTeam "Walldorf"]
[WhiteTeamCountry "GER"]
[BlackTeamCountry "GER"]

1. Nf3 Nf6 2. c4 c5 3. d4 cxd4 4. Nxd4 Nc6 5. Nc3 g6 6. g3 Bg7 7. Bg2 0-0 8. 0-0 a6 9. c5 Qc7 10. Nb3 h6 11. e4 Kh7 12. h3 1/2-1/2

[Event "Verbandsliga Nord Baden 1314"]
[Site "Germany"]
[Date "2014.01.12"]
[Round "4.2"]
[White "Haas, Stefan"]
[Black "Pfleger, Michael"]
[Result "1-0"]
[WhiteElo "2225"]
[BlackElo "2207"]
[PlyCount "119"]
[EventDate "2013.10.20"]
[EventType "team-tourn"]
[EventRounds "9"]
[EventCountry "GER"]
[SourceTitle "EXT 2015"]
[Source "ChessBase"]
[SourceDate "2014.11.20"]
[SourceVersion "1"]
[SourceVersionDate "2014.11.20"]
[SourceQuality "1"]
[WhiteTeam "Karlsruhe II"]
[BlackTeam "Bad Mergentheim II"]
[WhiteTeamCountry "GER"]
[BlackTeamCountry "GER"]

1. d4 g6 2. e4 Bg7 3. c4 c5 4. Nf3 d6 5. Nc3 Nc6 6. Be3 Bg4 7. d5 Bxc3+ 8. bxc3 Ne5 9. Be2 Qa5 10. Qb3 Nxf3+ 11. gxf3 Bd7 12. 0-0 b6 13. a4 0-0-0 14. Rfd1 f6 15. Kh1 g5 16. f4 h6 17. f5 h5 18. Rg1 Nh6 19. h3 Rdg8 20. Qc2 Nf7 21. Kh2 Kc7 22. f4 Rh7 23. fxg5 fxg5 24. Qd2 Rhg7 25. Raf1 Ne5 26. Bxg5 Qxa4 27. h4 Nxc4 28. Qf4 Qc2 29. Rf2 Ne5 30. Rg3 Qa4 31. Rgg2 a5 32. Qe3 Ng4+ 33. Bxg4 hxg4 34. Rxg4 Qd1 35. Rg1 Qh5 36. Qf4 Qf7 37. c4 Kb7 38. Rg3 a4 39. f6 exf6 40. Qxd6 Qe7 41. Rxf6 Qxd6 42. Rxd6 Ra8 43. Ra3 Bg4 44. e5 Be2 45. e6 Bxc4 46. Rd7+ Rxd7 47. exd7 b5 48. d8Q Rxd8 49. Bxd8 Bxd5 50. h5 Be4 51. h6 Kc6 52. Kg3 Kd5 53. Kf4 Bh7 54. Ke3 Kc4 55. Ba5 Kd5 56. Kd2 Kc4 57. Rc3+ Kd5 58. Bb6 c4 59. Ba5 Kc5 60. Rg3 1-0

[Event "Verbandsliga Nord Baden 1213"]
[Site "Baden"]
[Date "2013.01.27"]
[Round "5.5"]
[White "Welz, Thomas"]
[Black "Haas, Stefan"]
[Result "1/2-1/2"]
[WhiteElo "2207"]
[BlackElo "2225"]
[PlyCount "87"]
[EventDate "2012.10.21"]
[EventType "team-tourn"]
[EventRounds "9"]
[EventCountry "GER"]
[SourceTitle "EXT 2014"]
[Source "ChessBase"]
[SourceDate "2013.11.20"]
[SourceVersion "1"]
[SourceVersionDate "2013.11.20"]
[SourceQuality "1"]
[WhiteTeam "Eppingen II"]
[BlackTeam "Karlsruhe II"]
[WhiteTeamCountry "GER"]
[BlackTeamCountry "GER"]

1. Nf3 d5 2. d4 Bf5 3. e3 c6 4. Be2 e6 5. 0-0 Nd7 6. c4 Ngf6 7. Nc3 Ne4 8. Bd2 Be7 9. Rc1 0-0 10. Qb3 Qb6 11. Rfd1 Rfe8 12. Be1 h6 13. Na4 Qxb3 14. axb3 Bg4 15. h3 Bh5 16. g4 Bg6 17. Kg2 Bh7 18. Nh2 Bd6 19. Nf1 Nef6 20. Nc3 Bb4 21. Ng3 Bd6 22. f4 a6 23. c5 Bc7 24. b4 Nf8 25. h4 Kh8 26. g5 Ng8 27. Bf2 Bf5 28. Rh1 Ne7 29. gxh6 gxh6 30. Rcg1 Nh7 31. Bh5 Bg6 32. Bf3 Nf6 33. Kf1 Bd3+ 34. Ke1 Rg8 35. Kd2 Bh7 36. Nh5 Nxh5 37. Bxh5 Bg6 38. Bg4 Bf5 39. Bh5 Bg6 40. Bf3 Bf5 41. Bh5 Bg6 42. Bf3 Bf5 43. Bh5 Bg6 44. Bf3 1/2-1/2

[Event "Verbandsliga Nord Baden 1213"]
[Site "Baden"]
[Date "2013.01.13"]
[Round "4.2"]
[White "Neunhoeffer, Helmut"]
[Black "Haas, Stefan"]
[Result "1/2-1/2"]
[WhiteElo "2279"]
[BlackElo "2225"]
[PlyCount "85"]
[EventDate "2012.10.21"]
[EventType "team-tourn"]
[EventRounds "9"]
[EventCountry "GER"]
[SourceTitle "EXT 2014"]
[Source "ChessBase"]
[SourceDate "2013.11.20"]
[SourceVersion "1"]
[SourceVersionDate "2013.11.20"]
[SourceQuality "1"]
[WhiteTeam "Heidelberg"]
[BlackTeam "Karlsruhe II"]
[WhiteTeamCountry "GER"]
[BlackTeamCountry "GER"]

1. d4 d5 2. c4 c6 3. Nf3 Nf6 4. Nc3 e6 5. e3 Nbd7 6. Bd3 Bd6 7. 0-0 Qc7 8. h3 b6 9. cxd5 exd5 10. Bd2 Bb7 11. Rc1 a6 12. Nh4 0-0 13. Nf5 Rfe8 14. Nxd6 Qxd6 15. Ne2 Ne4 16. a3 Nxd2 17. Qxd2 g6 18. Rfd1 a5 19. Nf4 Nf8 20. Qc2 Rac8 21. Qb3 Nd7 22. Be2 Ra8 23. Bg4 a4 24. Qc2 Nf6 25. Bf3 Re7 26. Ne2 b5 27. Qc5 Qxc5 28. Rxc5 Nd7 29. Rc2 Nb6 30. Nc1 Nc4 31. Be2 Na5 32. Na2 Bc8 33. Nb4 Bd7 34. Rc3 f6 35. Kf1 Rb8 36. Rc2 Rb6 37. g4 Kf7 38. Kg2 Re8 39. Bd3 Nb7 40. Rdc1 Na5 41. Kg3 Re7 42. Rd1 Rb8 43. Kf3 1/2-1/2

[Event "Verbandsliga Nord Baden 0809"]
[Site "Germany"]
[Date "2008.10.12"]
[Round "2.4"]
[White "Haas, Stefan"]
[Black "Kurz, Ralf"]
[Result "1-0"]
[WhiteElo "2226"]
[BlackElo "2112"]
[PlyCount "95"]
[EventDate "2008.09.28"]
[EventType "team"]
[EventRounds "9"]
[EventCountry "GER"]
[SourceTitle "EXT 2010"]
[Source "ChessBase"]
[SourceDate "2010.11.25"]
[SourceVersion "1"]
[SourceVersionDate "2010.11.25"]
[SourceQuality "1"]
[WhiteTeam "Karlsruhe II"]
[BlackTeam "Heidelberg II"]
[WhiteTeamCountry "GER"]
[BlackTeamCountry "GER"]

1. e4 e5 2. f4 d5 3. exd5 exf4 4. Nf3 c6 5. Nc3 Bd6 6. d4 Ne7 7. Bc4 0-0 8. 0-0 Bg4 9. dxc6 Nbxc6 10. Ne4 Bc7 11. c3 Ng6 12. Nf2 Bh5 13. Qd3 Nh4 14. Nxh4 Qxh4 15. Qh3 Qxh3 16. Nxh3 f3 17. gxf3 Rfe8 18. Nf4 Bg6 19. Nxg6 hxg6 20. Bd2 Rad8 21. Rae1 Rxe1 22. Bxe1 Ne7 23. Bh4 Kf8 24. Re1 f6 25. Bg3 Bb6 26. Kg2 Nf5 27. f4 Nxg3 28. hxg3 Re8 29. Rxe8+ Kxe8 30. Bd5 f5 31. Bxb7 Bd8 32. Bc8 g5 33. Bxf5 gxf4 34. gxf4 Bc7 35. Kf3 Ke7 36. Ke4 Kf6 37. c4 g5 38. fxg5+ Kxg5 39. b4 Kf6 40. c5 Bg3 41. Bh3 Ke7 42. Kd5 Bf2 43. b5 Kd8 44. a4 Kc7 45. Kc4 Bh4 46. d5 Bg3 47. d6+ Kb8 48. Kd5 1-0

[Event "Verbandsliga Nord Baden 0607"]
[Site "Germany"]
[Date "2007.04.29"]
[Round "9.6"]
[White "Haas, Stefan"]
[Black "Bayer, Wolfgang"]
[Result "1/2-1/2"]
[WhiteElo "2226"]
[BlackElo "2103"]
[PlyCount "56"]
[EventDate "2006.10.22"]
[EventType "team"]
[EventRounds "9"]
[EventCountry "GER"]
[SourceTitle "EXT 2008"]
[Source "ChessBase"]
[SourceDate "2007.11.25"]
[SourceVersion "1"]
[SourceVersionDate "2007.11.25"]
[SourceQuality "1"]
[WhiteTeam "Karlsruhe II"]
[BlackTeam "Lindenhof"]
[WhiteTeamCountry "GER"]
[BlackTeamCountry "GER"]

1. e4 c5 2. Nf3 g6 3. d4 cxd4 4. Nxd4 Bg7 5. c4 Nc6 6. Be3 Nf6 7. Nc3 Ng4 8. Qxg4 Nxd4 9. Qd1 Ne6 10. Qd2 d6 11. Rc1 Bd7 12. Be2 Bc6 13. b3 0-0 14. Nd5 b6 15. 0-0 Nc5 16. f3 a5 17. Rfd1 Bxd5 18. Qxd5 Qc8 19. Bg5 Ra7 20. Rc2 Qa8 21. Bf1 h6 22. Bh4 Rc7 23. Bf2 Qc6 24. g3 Rb8 25. h4 Na6 26. Rcc1 Bb2 27. Rc2 Bf6 28. Rcc1 Bb2 1/2-1/2

[Event "Untergrombach op 20th"]
[Site "Untergrombach"]
[Date "2003.01.06"]
[Round "7.13"]
[White "Haas, Stefan"]
[Black "Link, Michael"]
[Result "1-0"]
[WhiteElo "2226"]
[BlackElo "2226"]
[PlyCount "49"]
[EventDate "2003.01.02"]
[EventType "swiss"]
[EventRounds "7"]
[EventCountry "GER"]
[SourceTitle "CBM 092 Extra"]
[Source "ChessBase"]
[SourceDate "2003.03.07"]
[SourceVersion "1"]
[SourceVersionDate "2003.03.07"]
[SourceQuality "1"]

1. d4 d5 2. c4 e6 3. Nc3 c5 4. cxd5 cxd4 5. Qxd4 Nf6 6. e4 Nc6 7. Qd1 exd5 8. exd5 Nb4 9. Nf3 Nbxd5 10. Nxd5 Qxd5 11. Qxd5 Nxd5 12. Bb5+ Bd7 13. Bxd7+ Kxd7 14. 0-0 f6 15. Rd1 Ke6 16. Nd4+ Kf7 17. Ne2 Nb6 18. Be3 Be7 19. Bxb6 axb6 20. Rd7 Rhd8 21. Rxb7 Rxa2 22. Re1 Kf8 23. Rxe7 Rxb2 24. Nf4 Rb8 25. g3 1-0

[Event "Baden-ch"]
[Site "Waldshut"]
[Date "2002.04.04"]
[Round "7"]
[White "Haas, Stefan"]
[Black "Duessel, Udo"]
[Result "1/2-1/2"]
[WhiteElo "2254"]
[BlackElo "2114"]
[PlyCount "130"]
[EventDate "2002.03.29"]
[EventType "swiss"]
[EventRounds "9"]
[EventCountry "GER"]
[SourceTitle "EXT 2003"]
[Source "ChessBase"]
[SourceDate "2002.11.25"]
[SourceVersion "1"]
[SourceVersionDate "2002.11.25"]
[SourceQuality "1"]

1. e4 Nf6 2. e5 Nd5 3. d4 d6 4. Nf3 g6 5. Bc4 Nb6 6. Bb3 Bg7 7. Ng5 d5 8. 0-0 0-0 9. Re1 f6 10. exf6 exf6 11. Nf3 Nc6 12. Bf4 Na5 13. Nbd2 Nxb3 14. axb3 Bf5 15. h3 Qd7 16. Nf1 a6 17. Qd2 Rfe8 18. Rxe8+ Rxe8 19. Re1 Rxe1 20. Nxe1 Nc8 21. Ne3 Be6 22. Nd3 b6 23. b4 Nd6 24. Qd1 Bf8 25. Bxd6 Bxd6 26. Qf3 Kg7 27. Nf4 c6 28. Nxe6+ Qxe6 29. Qe2 b5 30. c3 f5 31. Kf1 Kf6 32. Nc2 Qe4 33. f3 Qf4 34. Qe3 Qxe3 35. Nxe3 Bc7 36. Nc2 h5 37. Ne1 a5 38. bxa5 Bxa5 39. Nd3 b4 40. cxb4 Bb6 41. Nc5 Kg5 42. Kf2 f4 43. Ke2 Kf5 44. Kd3 g5 45. Na4 Ba7 46. b5 cxb5 47. Nc3 Ke6 48. Nxb5 Bb6 49. b4 Bd8 50. Na7 Kd7 51. b5 h4 52. Nc6 Bb6 53. Nb4 Kd6 54. Na2 Ba5 55. Nc3 Bb6 56. Na4 Ba5 57. Nc5 Bb6 58. Na4 Bd8 59. Kc2 Kd7 60. Nc5+ Ke7 61. Kb3 Bb6 62. Ka4 Kd6 63. Kb4 Bc7 64. Na4 Bd8 65. Nc5 Bb6 1/2-1/2

[Event "Baden-ch"]
[Site "Waldshut"]
[Date "2002.03.30"]
[Round "2"]
[White "Rehl, Danny"]
[Black "Haas, Stefan"]
[Result "1/2-1/2"]
[WhiteElo "2248"]
[BlackElo "2254"]
[PlyCount "33"]
[EventDate "2002.03.29"]
[EventType "swiss"]
[EventRounds "9"]
[EventCountry "GER"]
[SourceTitle "EXT 2003"]
[Source "ChessBase"]
[SourceDate "2002.11.25"]
[SourceVersion "1"]
[SourceVersionDate "2002.11.25"]
[SourceQuality "1"]

1. Nf3 d5 2. c4 c6 3. b3 Nf6 4. Bb2 Bf5 5. e3 e6 6. Nh4 Bg4 7. Be2 Bxe2 8. Qxe2 a5 9. Nc3 Nbd7 10. 0-0 Bd6 11. f4 0-0 12. d3 Qb8 13. cxd5 exd5 14. Nf5 Re8 15. Rf3 g6 16. Nh6+ Kg7 17. g4 1/2-1/2

[Event "Verbandsliga Nord Baden 9900"]
[Site "Germany"]
[Date "1999.09.26"]
[Round "1.4"]
[White "Reichstein, Hans Joerg"]
[Black "Haas, Stefan"]
[Result "1-0"]
[WhiteElo "2235"]
[BlackElo "2240"]
[PlyCount "69"]
[EventDate "1999.09.26"]
[EventType "team"]
[EventRounds "9"]
[EventCountry "GER"]
[SourceTitle "EXT 2002"]
[Source "ChessBase"]
[SourceDate "2001.11.25"]
[SourceVersion "1"]
[SourceVersionDate "2001.11.25"]
[SourceQuality "1"]
[WhiteTeam "Handschuhsheim"]
[BlackTeam "Durlach"]
[WhiteTeamCountry "GER"]
[BlackTeamCountry "GER"]

1. e4 e6 2. d4 d5 3. Nc3 Bb4 4. exd5 exd5 5. Qf3 c6 6. Bd3 Qf6 7. Bf4 Ne7 8. Qg3 Nd7 9. Nf3 Ng6 10. Bc7 Qe7+ 11. Kd2 Nf6 12. Rae1 Ne4+ 13. Bxe4 dxe4 14. Rxe4 Qxe4 15. Re1 Qxe1+ 16. Kxe1 0-0 17. Kf1 Be6 18. h4 Rfe8 19. a3 Bf8 20. h5 Ne7 21. Ng5 Bc4+ 22. Kg1 Nd5 23. Nxd5 Bxd5 24. Qd3 g6 25. c4 Be6 26. Nxe6 Rxe6 27. d5 cxd5 28. cxd5 Re7 29. d6 Rd7 30. Qb5 Rxd6 31. Bxd6 Bxd6 32. Qxb7 Re8 33. g3 Bc5 34. b4 Bb6 35. h6 1-0

[Event "Verbandsliga Nord Baden"]
[Site "Germany"]
[Date "1999.02.21"]
[Round "7.6"]
[White "Jurlina, Robert"]
[Black "Haas, Stefan"]
[Result "1-0"]
[WhiteElo "2130"]
[BlackElo "2240"]
[PlyCount "31"]
[EventDate "1998.10.11"]
[EventType "team"]
[EventRounds "9"]
[EventCountry "GER"]
[SourceTitle "EXT 2002"]
[Source "ChessBase"]
[SourceDate "2001.11.25"]
[SourceVersion "1"]
[SourceVersionDate "2001.11.25"]
[SourceQuality "1"]
[WhiteTeam "Ladenburg"]
[BlackTeam "Durlach"]
[WhiteTeamCountry "GER"]
[BlackTeamCountry "GER"]

1. e4 c6 2. Nc3 d5 3. Nf3 Bg4 4. h3 Bxf3 5. Qxf3 Nf6 6. e5 Nfd7 7. d4 e6 8. Bd3 c5 9. 0-0 Nc6 10. dxc5 Ncxe5 11. Qg3 Nxd3 12. cxd3 Nxc5 13. Nb5 Na6 14. Be3 Qd7 15. a4 g6 16. Bd4 1-0

[Event "Verbandsliga Nord Baden"]
[Site "Germany"]
[Date "1999.01.24"]
[Round "5.5"]
[White "Sheynina, Yuliya"]
[Black "Haas, Stefan"]
[Result "1/2-1/2"]
[WhiteElo "2125"]
[BlackElo "2240"]
[PlyCount "99"]
[EventDate "1998.10.11"]
[EventType "team"]
[EventRounds "9"]
[EventCountry "GER"]
[SourceTitle "EXT 2002"]
[Source "ChessBase"]
[SourceDate "2001.11.25"]
[SourceVersion "1"]
[SourceVersionDate "2001.11.25"]
[SourceQuality "1"]
[WhiteTeam "Karlsruhe III"]
[BlackTeam "Durlach"]
[WhiteTeamCountry "GER"]
[BlackTeamCountry "GER"]

1. Nf3 Nf6 2. g3 g6 3. Bg2 Bg7 4. d3 d5 5. 0-0 0-0 6. Nbd2 c5 7. e4 Nc6 8. Re1 e5 9. c3 Rb8 10. Qc2 Re8 11. Nf1 h6 12. b3 b6 13. Bb2 Bb7 14. a3 a5 15. Rad1 Qd6 16. Ne3 Rbd8 17. c4 dxe4 18. dxe4 Nd4 19. Nxd4 exd4 20. Nd5 Nxd5 21. exd5 Bc8 22. Bc1 Bg4 23. f3 Bf5 24. Qd2 Kf8 25. Bf1 Rxe1 26. Rxe1 Re8 27. Rxe8+ Kxe8 28. Bd3 Bd7 29. Qd1 Kd8 30. Bd2 h5 31. Qe1 Qe5 32. Qb1 Bf8 33. Be4 Bd6 34. Kg2 h4 35. Bf4 Qf6 36. Bxd6 Qxd6 37. gxh4 Qf4 38. Qe1 Kc8 39. Bd3 g5 40. hxg5 Qxg5+ 41. Kh1 Qf4 42. Qd1 Bh3 43. a4 Qe3 44. Bf1 Bxf1 45. Qxf1 d3 46. Qh3+ Kc7 47. Qg3+ Kb7 48. Qd6 Qxf3+ 49. Kg1 Qg4+ 50. Kf2 1/2-1/2

[Event "Verbandsliga Nord Baden"]
[Site "Germany"]
[Date "1998.11.29"]
[Round "3.4"]
[White "Haas, Stefan"]
[Black "Mueller, Rudolf"]
[Result "0-1"]
[WhiteElo "2240"]
[BlackElo "2295"]
[PlyCount "34"]
[EventDate "1998.10.11"]
[EventType "team"]
[EventRounds "9"]
[EventCountry "GER"]
[SourceTitle "EXT 2002"]
[Source "ChessBase"]
[SourceDate "2001.11.25"]
[SourceVersion "1"]
[SourceVersionDate "2001.11.25"]
[SourceQuality "1"]
[WhiteTeam "Durlach"]
[BlackTeam "Karlsruhe II"]
[WhiteTeamCountry "GER"]
[BlackTeamCountry "GER"]

1. e4 e5 2. Nf3 Nc6 3. Bb5 a6 4. Ba4 Nf6 5. 0-0 b5 6. Bb3 Bc5 7. c3 Nxe4 8. Qe2 d5 9. d3 Nf6 10. Nxe5 Nxe5 11. Qxe5+ Be6 12. d4 Bd6 13. Qe2 0-0 14. Bg5 h6 15. Bh4 Re8 16. Qf3 g5 17. Bg3 Bg4 0-1